00309nam a2200121Ia 4500100000900000942000700009245003300016260000900049082001000058546001200068999001700080952009000097 a#N/A cBK aSPD/ PHP 5.1 for beginners b#N/A b21914 aENGLISH c25796d25796 001040708CDaCRCEbCRCEd2023-03-17l0o 21914pCD2343r2023-03-17w2023-03-17yBK